Quel personnage de snk sont morts ? ( attack des titan) - Statistiques

Statistiques générales
  • Ce quiz a été pris 529 fois
  • Le résultat moyen est 13 sur 16
Answers on the Grid
Answers color-coded by a green-red scale on the quiz's grid according to % correct below.
Armin
Bertholt
Carla
Conny
Dina
Eren Kruger
Eren Yeager
Erwin
Faye
Hannes
Historia
Jean
Livai
Marcel
Marco
Mikasa
Pieck
Pixis
Porco
Reiner
Rhodes
Sasha
Ymir
Ymir fritz
 
Statistiques - réponses
Réponse % Correct
Bertholt
88%
Erwin
88%
Sasha
85%
Eren Yeager
83%
Ymir
83%
Eren Kruger
82%
Marco
82%
Ymir fritz
82%
Carla
79%
Hannes
79%
Pixis
79%
Dina
73%
Porco
72%
Rhodes
71%
Marcel
68%
Faye
58%
Aucun quiz correspondant
Distribution des résultats
% des personnes avec chaque résultat
Percentile par nombre de réponses
Votre historique - résultats
Vous n’avez pas pris ce quiz